000 00638nam a2200181Ia 4500
008 100921s9999 xx 000 0 und d
082 _b26293
_a891.463 थ 94
100 _aहुसळे देवदत्त.
245 _aझोंबाझोंबी.
260 _bवसुंधरा प्रकाशन, अहमदनगर.
_c1994
300 _a124
_bचेतक पुस्तकालय,सांगली
365 _b55
520 _aललित-कथा.
630 _aझोंबाझोंबी.
650 _aललित-कथा.
730 _aझोंबाझोंबी.
942 _cBOOK
999 _c775406
_d775403